| 000 | 00459nam a2200145 a 4500 | ||
|---|---|---|---|
| 001 | 3246 | ||
| 003 | CDMR | ||
| 005 | 20130116135241.0 | ||
| 008 | 130130s2000||||||||||||||||||||||||||||d | ||
| 040 |
_aCDMR _bcat _cCDMR |
||
| 111 | 2 |
_aCongrés de Periodistes Catalans _cBarcelona _d2000 _n4rt _9148 |
|
| 245 | 1 | 0 | _aPrograma del Quart Congrès de Periodistes Catalans |
| 260 |
_aBarcelona _c2000 _bComité organitzador Tercer Congrès de Periodistes Catalans |
||
| 942 | _cMON | ||
| 999 |
_c3246 _d3246 |
||